00513nam a2200145Ia 4500008004100000041000800041082001700049100001600066245004500082260003700127300003300164365001200197999001700209952014100226240624s9999 xx 000 0 und d aeng a658.4092 THO aTHOMSON BOB aGROWING PEOPLE LEARNING AND DEVELOPING F c2006aOxfordbChandos Publishing axxiii, : 151 : p. : cm. ; 23 cGBPb28 c22645d22645 00104070aIMTNbIMTNcRack 29-Bd2014-03-31eTBg29.95l1o658.4092 THOp22645r2025-10-30 17:34:58s2025-10-11t108.9w2024-06-24yBK